00455nam a2200133Ia 4500008004100000041000800041100002800049245004700077260003100124300000800155700003800163999001900201952010100220250110s9999 xx 000 0 und d aeng aKolekar Madhura9182896 aLuxurious Residential Skyscraper In Mumbai bBNCA B-Arch ID, Punec2016 a85p aGuide Name:Sowani Avinash9210573 c363765d363765 00104070aBNCAbBNCAd2016-04-21l0pBNCA-PR-1265r2025-01-10 00:00:00w2025-01-10yPRzPR1265